El Mundo globalizado y su efecto en las universidades /

שמור ב:
מידע ביבליוגרפי
מחבר ראשי: Benavides V., Shirley
פורמט: Texto
תגים: הוספת תג
אין תגיות, היה/י הראשונ/ה לתייג את הרשומה!

MARC

LEADER 00000 a a2200000 04500
001 12892
003
040
100 |a Benavides V., Shirley  
245 |a El Mundo globalizado y su efecto en las universidades /  |c Shirley Benavides V. 
773 |g número 56; páginas 175-184  
999 |c 23650  |d 23650